La province du Lyonnais de A à Z - Statistiques

Statistiques générales
  • Ce quiz a été pris 31 fois
    20 depuis la dernière actualisation
  • Le résultat moyen est 5 sur 26
Statistiques - réponses
Lettre Question Réponse % Correct
B Région située au nord de Lyon, appartenant au Lyonnais et grande productrice de vins Beaujolais
78%
S L'aéroport de Lyon porte le nom de cet aviateur (prénom et nom) Antoine de Saint-Exupéry
72%
A Région actuelle abritant l'ancien Lyonnais Auvergne-Rhône-Alpes
72%
L En 1789, le Rhône est associé à ce département de nos jours indépendant Loire
56%
R Département correspondant à l'ancienne province du Lyonnais Rhône
56%
Y Seule commune du Lyonnais commençant par cette lettre Yzeron
28%
J Célèbre cru de Beaujolais Juliénas
17%
N Ancien maire de Lyon de 1989 à 1995 Michel Noir
17%
M Massif appartenant autrefois au Lyonnais bien que situé aujourd'hui dans la Loire (3 mots) Monts du Forez
17%
P Au nord-ouest de Lyon se trouve les villages des (2 mots) pierres dorées
17%
Q Seule commune du Lyonnais commençant par cette lettre Quincieux
17%
T Commune ayant donné son nom à des monts Tarare
11%
H Natif de Quimper, longtemps élu du Rhône et ministre de la Défense (prénom et nom) Charles Hernu
6%
C Près de Lyon se trouve un secteur industriel surnommé le (4 mots) couloir de la chimie
6%
V Le point culminant des Monts du Lyonnais est à Violay
6%
D Archevêque de Lyon de 1981 à 1994 (prénom et nom) Albert Decourtray
0%
E Ancien arbitre de football de 1978 à 2009 (prénom et nom) Eric Poulat
0%
F Pays situé autrefois au nord de Lyon (2 mots) Franc Lyonnais
0%
G Commune dont le nom rappelle un saint martyr et une exploitation de mines d'argent au Moyen-âge . Saint... Genis l'argentière
0%
I Universitaire spécialiste de la Théorie des organisations Isabelle Huault
0%
Z Réalisateur du Cirque blanc né à Mulhouse mais décédé dans le Rhône en 2020 (prénom et nom) Jean-François Zurawik
0%
K On exploitait cette matière à Haute-Rivoire Kaolin
0%
O Ancienne ville d'eau du Rhône Orliénas
0%
W Auteur de Graine d'ortie mort dans le Rhône (prénom et nom) Paul Wagner
0%
U Vieille famille du Forez Urfé
0%
X Médecin ayant donné son nom à une méthode pour traiter la déformation du genou né en 1828 Xavier Delore
0%
Aucun quiz correspondant
Distribution des résultats
% des personnes avec chaque résultat
Percentile par nombre de réponses
Votre historique - résultats
Vous n’avez pas pris ce quiz depuis la dernière actualisation